Juan Torres Fontes [y el archivo municipal] / dirección y coordinación técnica: Ma. Ángeles Jover Carrión Ma. Ángeles Jover Carrión
Descripción Física:
107 p. : amb làm. ; 23'5 cm
Materias:
Archivo Municipal de Murcia
MARC
| LEADER | 00000nam a2200000Ia 4500 | ||
|---|---|---|---|
| 001 | 8392 | ||
| 008 | 160829s1988 xx 000 0 cat d | ||
| 080 | |a A-1-295 | ||
| 100 | |a Jover Carrión, Ma. Ángeles |9 37133 | ||
| 245 | |a Juan Torres Fontes [y el archivo municipal] / dirección y coordinación técnica: |b Ma. Ángeles Jover Carrión | ||
| 260 | |a Murcia : |b Ayuntamiento, |c 1988 | ||
| 300 | |a 107 p. : |b amb làm. ; |c 23'5 cm | ||
| 590 | |a A peu de coberta, homenaje y catálogo bibliográfico | ||
| 650 | |a Archivo Municipal de Murcia |9 37134 | ||
| 710 | 1 | |a Múrcia (Múrcia). |b Ayuntamiento |9 55440 | |
| 901 | |a Arxiu | ||
| 942 | |n 1 | ||
| 952 | |0 0 |1 0 |4 0 |6 A1295 |7 1 |9 47692 |a Arxiu |b Arxiu |d 2016-12-01 |l 0 |o A-1-295 |p 8392 |r 2016-12-01 00:00:00 |w 2016-12-01 |y ARXIU | ||
| 999 | |c 51491 |d 51491 | ||